| 000 | 01081cam a2200241 4500 | ||
|---|---|---|---|
| 001 | ABS66145 | ||
| 008 | 021112n2002 000 0 eng u | ||
| 035 | _a(Sirsi) u120418 | ||
| 100 | _aWebster, A. | ||
| 245 | _aSwampy's return | ||
| 260 | _c2002 | ||
| 490 |
_aEstates Gazette _v(0243) 26 October 2002, 196-197(2) |
||
| 520 | _aExplains how organisations can protect themselves against the problems of environmental protesters. Warns that protests today are designed to cause maximum financial damage including costly delays to projects and high bills for vandalism and security. Recommends that an action plan is developed so companies cah have a full appreciation of the risks of the schemes undertaken. Urges caution when making use of private security as this may create adverse publicity. | ||
| 590 | _aABS | ||
| 650 | _aENVIRONMENTAL PROTESTERS | ||
| 650 | _aRISK ASSESSMENT | ||
| 650 | _aVANDALISM | ||
| 650 | _aSECURITY | ||
| 650 | _aPFI | ||
| 650 | _aSTAFF TRAINING | ||
| 690 | _aENVIRONMENTAL AND LAND CONSULTANCY-ENVIRONMENTAL MANAGEMENT | ||
| 942 | _n0 | ||
| 999 |
_c71547 _d71547 |
||